00343nam a2200133 a 450008200160000010000230001624500460003926000320008530000080011750000350012550500100016065000160017070000230018600a340.59bQAD aQadri, Anwar Ahmad aIslamic Jurisprudence in the Modern World aLondonbEdward Arnoldc1900 a00p aincludes index and biblioraphy2 aIndex aIslamic-Law1 aQadri, Anwar Ahmad